Mayor and Burgesses of the London Borough of Tower Hamlets v Alfred Eugene Barrett, Valerie Anne Barrett (Record no. 75685)

MARC details
000 -LEADER
fixed length control field 01641cab a2200229 4500
001 - CONTROL NUMBER
control field L130539
008 - FIXED-LENGTH DATA ELEMENTS--GENERAL INFORMATION
fixed length control field 050810n2005 000 0 eng u
035 ## - SYSTEM CONTROL NUMBER
System control number (Sirsi) u130539
041 ## - LANGUAGE CODE
Language code of text/sound track or separate title eng
245 ## - TITLE STATEMENT
Title Mayor and Burgesses of the London Borough of Tower Hamlets v Alfred Eugene Barrett, Valerie Anne Barrett
260 ## - PUBLICATION, DISTRIBUTION, ETC.
Date of publication, distribution, etc. 2005
520 ## - SUMMARY, ETC.
Summary, etc. [2005] EWCA Civ 923, 19 July 2005. Considers whether a land acquired by adverse possession by a tenant is presumed to be included in the sale of the land associated with that tenancy. B and his wife appealed against a decision that they should give up possession of land adjacent to their pub claiming that, as tenants of a pub prior to purchasing the freehold, they had enclosed the adjoining site and started building on it. "Held": appeal allowed as B's occupation of had satisfied the requirement of intention to possess; an acknowledgement of the freeholder's title to the land had been given by the landlord and not B as the person in possession of the land; and that a tenant can acquire possessory title for their landlord, whilst as the land had been included in B's tenancy it could be presumed to be included in the sale.
590 ## - LOCAL NOTE (RLIN)
Local note IKA160805
650 ## - SUBJECT ADDED ENTRY--TOPICAL TERM
Topical term or geographic name entry element TOWER HAMLETS LBC V BARRETT AND ANOTHER
650 ## - SUBJECT ADDED ENTRY--TOPICAL TERM
Topical term or geographic name entry element KINGSMILL V MILLARD
650 ## - SUBJECT ADDED ENTRY--TOPICAL TERM
Topical term or geographic name entry element SMIRK V LYNDALE DEVELOPMENTS LTD
650 ## - SUBJECT ADDED ENTRY--TOPICAL TERM
Topical term or geographic name entry element WHITMORE V HUMPHRIES
650 ## - SUBJECT ADDED ENTRY--TOPICAL TERM
Topical term or geographic name entry element ATTORNEY GENERAL V TOMLINE
690 ## - LOCAL SUBJECT ADDED ENTRY--TOPICAL TERM (OCLC, RLIN)
Topical term or geographic name as entry element PROPERTY-PROPERTY ACQUISITION AND DISPOSAL
856 ## - ELECTRONIC LOCATION AND ACCESS
Uniform Resource Identifier <a href="https://www.bailii.org/cgi-bin/markup.cgi?doc=/ew/cases/EWCA/Civ/2005/923.html">https://www.bailii.org/cgi-bin/markup.cgi?doc=/ew/cases/EWCA/Civ/2005/923.html</a>
Public note View the item free of charge at www.bailii.org...
942 ## - ADDED ENTRY ELEMENTS (KOHA)
Suppress in OPAC 0
Holdings
Withdrawn status Lost status Source of classification or shelving scheme Damaged status Not for loan Home library Current library Shelving location Date acquired Total Checkouts Full call number Barcode Date last seen Copy number Price effective from Koha item type
    Dewey Decimal Classification     Virtual Virtual Online 10/08/2005   ONLINE PUBLICATION 130539-1001 06/08/2019 1 06/08/2019 Law report